Emily in Paris Characters - Statistics

General Stats
  • This quiz has been taken 215 times
  • The average score is 7 of 9
Answer Stats
Picture Answer % Correct
Emily
100%
Gabriel
89%
Mindy
86%
Alfie
84%
Camille
83%
Sylvie
83%
Luc
69%
Antoine
63%
Julien
51%
No matching quizzes found
Score Distribution
Percent of People with Each Score
Percentile by Number Answered
Your Score History
You have not taken this quiz